00566nam a2200193 a 4500001000200000003000900002005001700011008003200028020001800060040002600078082002900104100001700133245003200150260004600182300002000228500007400248650002400322650002600346 DO-SdBNP20210824115148.0181115s2016 dr 000 p spa d a9789945167207 aDO-SdBNPbspacBPMSU  a RD861.5bB142m 20162221 aBáez, Elsa10aMi infierno /cElsa Báez. aSanto Domingo :bPoetas de la Era,c2016. a79 p. ;c23 cm. aIncluye datos biográficos de la autora en la solapa de la cubierta 4aPoesía dominicana 4aLiteratura dominicana